000 00888nam a22002537a 4500
005 20170123162316.0
010 _aA-482239
020 _c60.00
035 _aA-482239
037 _bCen Lib/Ret
040 _aDPL
_bUR
082 _a840.4
_bر ف ع
100 _aرفعت اختر
_9114354
245 _aنے زاویے :
_cرفعت اختر
_bتنقیدی مضامین /
246 _aNaye zawiye : tanqeedi mazamen /
_bby Rafat Akhatar
260 _aنیی دہلی
_bانجمن تراققی اردو
_c1971
270 _bاردو گھر رویس انیو
_aموحمد الی روڈ
_e110002
300 _a152p.
_c21cm(Hb)
650 _aاردو ادب
_9114355
650 _aاردو تنقیدی مضامین
_9114356
650 _aUrdu literature
_9114357
650 _aUrdu critical articles
_9114358
942 _2ddc
_cUR
_h840.4
_mر ف ع
999 _c106701
_d106701